000 00331nam a22001337a 4500
082 _a823
_bSUD/S
100 _aSUDHAKAR, SUMATHI
245 _aA SILK PURSE OF GOLD COINS AND OTHER STORIES
260 _aCHENNAI
_bOEARL INDUS
300 _a58
520 _aENGLISH SHORT STORY
650 _aENGLISH SHORT STORY
_zCHENNAI
942 _cBK
999 _c5762
_d5762